00909nam a2200253Ia 4500003000400000005001700004008004100021020001800062040001800080041000800098082001800106100003300124245007800157250001200235260004500247300002800292650004300320650003900363650004000402650002500442942002500467999001900492952014400511OSt20241105094120.0210716s2011 xx 000 0 und d a9780486485812 cAIMIT LIBRARY aeng a005.73 bSHAC aShaffer, Clifford A.9184160 aData structures and algorithm analysis in java /cBy Clifford A. Shaffer. a3rd ed. aNew Delhi :bDover publications ,c2011. axix,582 p.;bPBc26 cm. aData structures and algorithms9184161 aMathematical preliminaries9184162 aFundamental data structures9184163 aBinary trees9184164 2ddccBKk005.73 SHAC c194604d194604 001040708MCAaAIMITbAIMITeKnowledge Worldg1962.00l2o005.73 SHACpMCA14112r2026-05-23 00:00:00s2023-09-04v1471.50w2021-07-16yBK